Thea Stilton and the secret city / (Record no. 1737)

MARC details
000 -LEADER
fixed length control field 01485cam a22003257a 4500
005 - DATE AND TIME OF LATEST TRANSACTION
control field 20230925132405.0
020 ## - INTERNATIONAL STANDARD BOOK NUMBER
International Standard Book Number 9780545150613
020 ## - INTERNATIONAL STANDARD BOOK NUMBER
International Standard Book Number 0545150612
040 ## - CATALOGING SOURCE
Original cataloging agency BTCTA
Language of cataloging eng
Transcribing agency BTCTA
Modifying agency MCLSW
-- GO3
-- SOM
-- EHH
-- UPZ
-- DLC
050 00 - LIBRARY OF CONGRESS CALL NUMBER
Classification number PZ7
Item number .T3388 2010
082 04 - DEWEY DECIMAL CLASSIFICATION NUMBER
Classification number [Fic]
Edition number 22
100 ## - MAIN ENTRY--PERSONAL NAME
Personal name Stilton, Geronimo
245 10 - TITLE STATEMENT
Title Thea Stilton and the secret city /
Statement of responsibility, etc. [text by Thea Stilton ; illustrations by Alessandro Battan ... et al.].
246 1# - VARYING FORM OF TITLE
Display text At head of title:
Title proper/short title Geronimo Stilton
260 ## - PUBLICATION, DISTRIBUTION, ETC.
Place of publication, distribution, etc. New York :
Name of publisher, distributor, etc. Scholastic,
Date of publication, distribution, etc. 2010.
300 ## - PHYSICAL DESCRIPTION
Extent 161 pages :
Other physical details color illustrations ;
Dimensions 20 cm.
500 ## - GENERAL NOTE
General note "English translation by Atlantyca S.p.A."--T.p. verso.
505 ## - FORMATTED CONTENTS NOTE
Formatted contents note K
520 ## - SUMMARY, ETC.
Summary, etc. "When Paulina gets a phone call from home telling her that a friend is missing, the Thea Sisters travel to Peru to help solve the mystery. There, the five mice climb the Andes Mountains in search of a missing archaeologist. Along the way, they stumble upon clues leading them to a mysterious hidden city. Will the Thea Sisters find Paulina's friend, and the treasure of the Secret City?" -- P. [4] of cover.
521 0# - TARGET AUDIENCE NOTE
Target audience note 620 <br/>
Source Lexile
521 1# - TARGET AUDIENCE NOTE
Target audience note K <br/>
Source Raz-Plus
650 #0 - SUBJECT ADDED ENTRY--TOPICAL TERM
Topical term or geographic name entry element Mice
Form subdivision Juvenile fiction.
650 #0 - SUBJECT ADDED ENTRY--TOPICAL TERM
Topical term or geographic name entry element Treasure troves
Geographic subdivision Peru
Form subdivision Juvenile fiction.
650 #0 - SUBJECT ADDED ENTRY--TOPICAL TERM
Topical term or geographic name entry element Humorous stories.
655 #7 - INDEX TERM--GENRE/FORM
Genre/form data or focus term Adventure fiction.
Source of term gsafd
700 1# - ADDED ENTRY--PERSONAL NAME
Personal name Battan, Alessandro,
Dates associated with a name 1974-
Relator term illustrator
906 ## - LOCAL DATA ELEMENT F, LDF (RLIN)
a 7
b cbc
c copycat
d 2
e ncip
f 20
g y-gencatlg
942 ## - ADDED ENTRY ELEMENTS (KOHA)
Source of classification or shelving scheme Dewey Decimal Classification
Koha item type Books
Suppress in OPAC No
999 ## -
-- 1737
-- 1737
Holdings
Withdrawn status Lost status Source of classification or shelving scheme Damaged status Not for loan Collection Home library Current library Shelving location Date acquired Total Checkouts Full call number Barcode Date last seen Date last checked out Copy number Price effective from Koha item type
    Dewey Decimal Classification     Juvenile Fiction Footprints International School Library Network Toul Kork Campus Footprints International School Library Network Toul Kork Campus TK Primary Library Room(4th Floor), Bookcase 3&4, Shelves 17-32, Yellow Books 09/25/2023 1 STI Fic PZ7.T3388 FISTK04634 10/05/2023 09/28/2023 1 09/25/2023 Books
    Dewey Decimal Classification     Juvenile Fiction Footprints International School Library Network Toul Kork Campus Footprints International School Library Network Toul Kork Campus TK Primary Library Room(4th Floor), Bookcase 3&4, Shelves 17-32, Yellow Books 09/25/2023 2 STI Fic PZ7.T3388 2023-0708 12/09/2025 08/29/2025 2 09/25/2023 Books